Normal view MARC view

Entry Personal Name

Number of records used in: 1

001 - CONTROL NUMBER

  • control field: 11984

003 - CONTROL NUMBER IDENTIFIER

  • control field: OSt

005 - DATE AND TIME OF LATEST TRANSACTION

  • control field: 20170328133402.0

008 - FIXED-LENGTH DATA ELEMENTS

  • fixed length control field: 170328|| aca||aabn | a|a d

040 ## - CATALOGING SOURCE

  • Original cataloging agency: OSt
  • Transcribing agency: OSt

100 ## - HEADING--PERSONAL NAME

  • Personal name: Allen, Loyd V; Popovich, Nicholas G; Ansel, Howard C; Ansel, H

670 ## - SOURCE DATA FOUND

  • Source citation: Work cat.: (OSt): Allen, Loyd V; Popovich, Nicholas G; Ansel, Howard C; Ansel, H, Ansel's Pharmaceutical Dosage Forms and Drug Delivery Systems